Multicentrálna architektúra a model IS logistického centra
Charakteristika stavu makroekonomiky štátov strednej Európy. Model multicentrálneho logistického centra. Multicentrálna architektúra. Architektúra informačného systému. Multicentrálne logistické centrum a virtualita. Ekonomické vplyvy z realizácie logistických centier.
Salvato in:
| Autore principale: | |
|---|---|
| Altri autori: | |
| Natura: | Capitolo di libro |
| Lingua: | slovacco |
| Soggetti: | |
| Tags: |
Nessun Tag, puoi essere il primo ad aggiungerne!!
|
MARC
| LEADER | 00000naa a2200000 4500 | ||
|---|---|---|---|
| 001 | r043067 | ||
| 005 | 20231003123247.2 | ||
| 041 | 0 | |a slo | |
| 044 | |a CZ | ||
| 245 | 1 | 0 | |a Multicentrálna architektúra a model IS logistického centra |c Tamás Hartványi, Imrich Kiss |
| 520 | |a Charakteristika stavu makroekonomiky štátov strednej Európy. Model multicentrálneho logistického centra. Multicentrálna architektúra. Architektúra informačného systému. Multicentrálne logistické centrum a virtualita. Ekonomické vplyvy z realizácie logistických centier. | ||
| 610 | 2 | 0 | |a logistika |
| 610 | 2 | 0 | |a modely logistické |
| 610 | 2 | 0 | |a systémy informačné |
| 610 | 2 | 0 | |a systémy riadenia |
| 610 | 2 | 0 | |a realita virtuálna |
| 100 | 1 | |a Hartványi, Tamás | |
| 700 | 1 | |a Kiss, Imrich | |